<?xml version="1.0" encoding="UTF-8"?>
<record
    xmlns:xsi="http://www.w3.org/2001/XMLSchema-instance"
    xsi:schemaLocation="http://www.loc.gov/MARC21/slim http://www.loc.gov/standards/marcxml/schema/MARC21slim.xsd"
    xmlns="http://www.loc.gov/MARC21/slim">

  <leader>02061nam a2200421   4500</leader>
  <controlfield tag="001">14024</controlfield>
  <controlfield tag="003">http://catalogue.bnf.fr/ark:/12148/cb48707709h</controlfield>
  <controlfield tag="005">20260226144600.0</controlfield>
  <datafield tag="010" ind1=" " ind2=" ">
    <subfield code="a">9782487746251</subfield>
    <subfield code="d">10 EUR</subfield>
  </datafield>
  <datafield tag="073" ind1=" " ind2="0">
    <subfield code="a">9782487746251</subfield>
  </datafield>
  <datafield tag="090" ind1=" " ind2=" ">
    <subfield code="a">14024</subfield>
  </datafield>
  <datafield tag="099" ind1=" " ind2=" ">
    <subfield code="o">0</subfield>
  </datafield>
  <datafield tag="100" ind1=" " ind2=" ">
    <subfield code="a">20260220d2026    m  y0frey50      ba</subfield>
  </datafield>
  <datafield tag="101" ind1="0" ind2=" ">
    <subfield code="a">fre</subfield>
  </datafield>
  <datafield tag="102" ind1=" " ind2=" ">
    <subfield code="a">FR</subfield>
  </datafield>
  <datafield tag="105" ind1=" " ind2=" ">
    <subfield code="a">||||z   00|||</subfield>
  </datafield>
  <datafield tag="181" ind1=" " ind2="0">
    <subfield code="6">01</subfield>
    <subfield code="a">i </subfield>
    <subfield code="b">xxxe  </subfield>
  </datafield>
  <datafield tag="181" ind1=" " ind2=" ">
    <subfield code="6">02</subfield>
    <subfield code="c">txt</subfield>
    <subfield code="2">rdacontent</subfield>
  </datafield>
  <datafield tag="182" ind1=" " ind2="0">
    <subfield code="6">01</subfield>
    <subfield code="a">n</subfield>
  </datafield>
  <datafield tag="182" ind1=" " ind2=" ">
    <subfield code="6">02</subfield>
    <subfield code="c">n</subfield>
    <subfield code="2">rdamedia</subfield>
  </datafield>
  <datafield tag="200" ind1="1" ind2=" ">
    <subfield code="a">Sans Ulysse</subfield>
    <subfield code="b">LIVR</subfield>
  </datafield>
  <datafield tag="214" ind1=" " ind2="0">
    <subfield code="c">Esse que &#xE9;ditions</subfield>
    <subfield code="d">2026</subfield>
  </datafield>
  <datafield tag="214" ind1=" " ind2="3">
    <subfield code="c">Impr. Typolibris</subfield>
  </datafield>
  <datafield tag="214" ind1=" " ind2="0">
    <subfield code="a">Pantin</subfield>
  </datafield>
  <datafield tag="214" ind1=" " ind2="3">
    <subfield code="a">22-Saint-Brieuc cedex 9</subfield>
  </datafield>
  <datafield tag="215" ind1=" " ind2=" ">
    <subfield code="a">1 vol. (56 p.)</subfield>
  </datafield>
  <datafield tag="215" ind1=" " ind2=" ">
    <subfield code="d">19 cm</subfield>
  </datafield>
  <datafield tag="225" ind1="1" ind2=" ">
    <subfield code="a">Pr&#xE9;misses</subfield>
  </datafield>
  <datafield tag="323" ind1=" " ind2=" ">
    <subfield code="a">4 personnages</subfield>
  </datafield>
  <datafield tag="330" ind1=" " ind2=" ">
    <subfield code="a">&#xC0; sa mort, Shoshana a laiss&#xE9; &#xE0; sa fille un manuscrit inachev&#xE9;, Sans Ulysse, dont celle-ci a tent&#xE9; tant bien que mal de d&#xE9;chiffrer les premi&#xE8;res lignes. &#xAB;Je m absente un instant, un instant seulement.&#xBB; La m&#xE8;re avait commenc&#xE9; &#xE0; l &#xE9;crire, alors que l homme qu elle aimait, et qu elle attendait &#xE9;perdument depuis dix ans, ne revenait toujours pas. Ne sachant bien comment honorer ce cadeau, la fille d&#xE9;cide de le l&#xE9;guer &#xE0; l Agence Nationale de la Recherche Cathartique, laboratoire itin&#xE9;rant charg&#xE9;, selon leur propre formule, de &#xAB;trouver une fin &#xE0; des histoires qui n en ont pas eu&#xBB;. Comme une sorte d Odyss&#xE9;e invers&#xE9;e, on ne fera pas le r&#xE9;cit de celui qui est parti, mais de celle qui est rest&#xE9;e. De cette attente comme une aventure en soi. Dans cette pi&#xE8;ce, la m&#xE8;re sera tout &#xE0; la fois P&#xE9;n&#xE9;lope et Ulysse: celle qui attend et la disparue que l on cherche &#xE0; retrouver, &#xE0; d&#xE9;finir, &#xE0; reconna&#xEE;tre.</subfield>
  </datafield>
  <datafield tag="610" ind1=" " ind2=" ">
    <subfield code="a">Mythe</subfield>
    <subfield code="a">&#xE9;criture</subfield>
  </datafield>
  <datafield tag="700" ind1=" " ind2=" ">
    <subfield code="a">Jaccottet</subfield>
    <subfield code="b">Liora</subfield>
  </datafield>
  <datafield tag="700" ind1=" " ind2=" ">
    <subfield code="c">Auteur du texte</subfield>
  </datafield>
  <datafield tag="702" ind1=" " ind2=" ">
    <subfield code="a">Cesari</subfield>
    <subfield code="b">Pascal</subfield>
  </datafield>
  <datafield tag="702" ind1=" " ind2=" ">
    <subfield code="c">Auteur du texte</subfield>
  </datafield>
  <datafield tag="801" ind1=" " ind2="0">
    <subfield code="a">FR</subfield>
    <subfield code="b">FR-751131015</subfield>
    <subfield code="c">20260220</subfield>
    <subfield code="g">AFNOR</subfield>
    <subfield code="h">FRBNF487077090000003</subfield>
  </datafield>
  <datafield tag="856" ind1=" " ind2="2">
    <subfield code="u">1178888</subfield>
    <subfield code="b">Premi&#xE8;re de couverture</subfield>
  </datafield>
  <datafield tag="856" ind1=" " ind2="2">
    <subfield code="u">1178890</subfield>
    <subfield code="b">Quatri&#xE8;me de couverture</subfield>
  </datafield>
</record>
